Classement perpétuel de Ligue 1 à domicile - Statistiques

Statistiques générales
  • Ce quiz a été pris 187 fois
  • Le résultat moyen est 13 sur 15
Statistiques - réponses
Position Points Victoires Club % Correct
1 2681 794 Olympique de Marseille
100%
5 2303 664 Olympique Lyonnais
100%
14 1919 565 Paris Saint-Germain
100%
6 2207 628 LOSC Lille
98%
3 2498 725 AS Saint-Étienne
97%
2 2553 752 FC Girondins de Bordeaux
97%
10 2075 585 RC Lens
95%
9 2092 594 Stade Rennais FC
95%
4 2362 690 AS Monaco
91%
11 2010 579 FC Nantes
91%
8 2169 626 OGC Nice
91%
12 1960 552 RC Strasbourg Alsace
83%
15 1303 381 Stade de Reims
77%
13 1948 550 FC Metz
69%
7 2170 624 FC Sochaux-Montbéliard
64%
Aucun quiz correspondant
Distribution des résultats
% des personnes avec chaque résultat
Percentile par nombre de réponses
Votre historique - résultats
Vous n’avez pas pris ce quiz